| 000 | 00448 a2200109 4500 | ||
|---|---|---|---|
| 001 | ART_10776 | ||
| 005 | 20260410161854.0 | ||
| 008 | 260409a | ||
| 245 | 1 | 0 | _aLas disposiciones en previsión de la propia incapacidad en el Proyecto de Código Civil y Comercial de la Nación |
| 100 | 1 | _aPestalardo, Alberto S. | |
| 773 | 0 |
_tDerecho privado _gReforma del Código Civil I. Aspectos generales - Año I, Nº 2 (sep. 2012) _wREV10455 |
|
| 999 |
_c25300 _d25300 |
||